00626 2200253 4500001002100000005001700021008004100038020001800079035002400097082001000121090001700131100001400148245005600162250001100218260003200229300002800261650001200289700001200301850001200313980001500325985000600340999001600346990001000362YOGYA-0209000002083020090227023450.0 ind  a979-518-250-1 0010-020900000020830 a641.2 a641.2bSus M aSUSMAYATI aManisan, minuman, es dan pudingcSusmayati, Asnider aCet. 1 aJakartabRineka Ciptac1992 ax, 137 hlmbilusc21 cm aMinuman aASNIDAR aYOPDYOG a19-07-2006 a1 a00P00005708 a343-P